000 00586nam a2200193 a 4500
001 000005179
005 20200929151612.0
008 090805s1971 ag 001 0 spa d
040 _aDO-SdBNP
_bspa
_cBNPHU
082 _axxxx
_bL781d
100 1 _aLitton, Gaston
_914830
245 1 3 _aLa documentación /
_cGaston Litton.
260 _aBuenos Aires, Argentina :
_bBowker,
_c1971.
300 _a177 p. ;
_c18 cm.
490 1 _aBreviaturas del bibliotecario
500 _aIncluye índice
504 _aIncluye bibliografías (p. 171-172)
830 0 _aBreviaturas del bibliotecario
_914831
999 _c4982
_d4982